000 00585nam a22002177a 4500
003 UA-OsUOA
001 127678
007 ta
008 20171211b un ||||| |||| 00| 0 ukr d
100 _aСобко І.
090 _a908
_bС54
942 _cSA
040 _aUA-OsUOA
_bukr
_cUA-OsUOA
_dUA-OsUOA
245 _aСтудент академії створив вуличну виставку про історію євреїв Острога
300 _aС.5
955 _a0
041 _aukr
080 _a908
773 0 _w127677
650 7 _a908 Краєзнавство
_2UDC
999 _c414977
_d414977